Identidad sexual y educación secundaria
Saved in:
| Hovedforfatter: | |
|---|---|
| Format: | Bog |
| Sprog: | spansk |
| Udgivet: |
Santiago
CPU
1992
|
| Serier: | Documento de Trabajo, 65
|
| Fag: | |
| Tags: |
Tilføj Tag
Ingen Tags, Vær først til at tagge denne postø!
|
MARC
| LEADER | 00000nam a2200000 a 4500 | ||
|---|---|---|---|
| 001 | UCN3635 | ||
| 003 | CL-VaPUC | ||
| 008 | 010706e19920000CL |||||||||||||||||spa|d | ||
| 082 | 0 | 4 | |a 372.372 |b SIL |2 21 |
| 100 | 0 | |a Silva, María de la Luz |e author |9 460188 | |
| 245 | 1 | 0 | |a Identidad sexual y educación secundaria |
| 300 | |a 18 h | ||
| 942 | |c BK | ||
| 945 | |d 20010706 00:00:00 |a rbrito | ||
| 260 | |a Santiago |b CPU |c 1992 | ||
| 650 | 0 | |a Educación sexual |9 308005 | |
| 650 | 0 | |a Comportamiento sexual |9 334955 | |
| 650 | 0 | |a Sexo |9 257818 | |
| 583 | |a last modification |c 20010706 00:00:00 |k Rodrigo Vera | ||
| 490 | 0 | |a Documento de Trabajo, 65 | |
| 999 | |c 296426 |d 296424 | ||
| 952 | |0 0 |1 0 |4 0 |6 372_372000000000000_SIL_1992 |7 0 |8 P |9 350181 |a BIBEDU |b BIBEDU |c BIBEDU_PB |d 2019-11-20 |i 3545083 |o 372.372 SIL 1992 |p 3545083 |r 2024-01-25 |w 2019-11-20 |y BK |k BME | ||
| 952 | |0 0 |1 0 |4 0 |6 372_372000000000000_SIL_1992 |7 0 |8 P |9 350182 |a BIBEDU |b BIBEDU |c BIBEDU_PB |d 2019-11-20 |i 3814718 |o 372.372 SIL 1992 |p 3814718 |r 2024-01-25 |w 2019-11-20 |y BK |k BME | ||